Markets (Record no. 83103)
[ view plain ]
| 000 -LEADER | |
|---|---|
| fixed length control field | 01175cab a22002055a 4500 |
| 001 - CONTROL NUMBER | |
| control field | L152806 |
| 008 - FIXED-LENGTH DATA ELEMENTS--GENERAL INFORMATION | |
| fixed length control field | 110504e20110415xxk 000 0 eng d |
| 035 ## - SYSTEM CONTROL NUMBER | |
| System control number | (Sirsi) u152806 |
| 041 0# - LANGUAGE CODE | |
| Language code of text/sound track or separate title | eng |
| 100 1# - MAIN ENTRY--PERSONAL NAME | |
| Personal name | Unger, Paul |
| 245 00 - TITLE STATEMENT | |
| Title | Markets |
| Remainder of title | Merseyside |
| 260 ## - PUBLICATION, DISTRIBUTION, ETC. | |
| Date of publication, distribution, etc. | 2011 |
| 490 #0 - SERIES STATEMENT | |
| Series statement | Property Week |
| Volume/sequential designation | 77(15), 15 April 2011, 49-56(5) |
| 520 ## - SUMMARY, ETC. | |
| Summary, etc. | Liverpool City Council asks government to extend local enterprise zone to include Liverpool's business district. Peel Group is to submit planning application in May for the 2.6m sq ft Peel International Trade Centre in Wirral. Merepark and Ballymore's leisure-led scheme at Central Village in Liverpool is now progressing in a piecemeal way. Northern Ireland based developer Benmore submits planning application for a £30m leisure scheme next to New Mersey Shopping Park in south Liverpool. Liverpool city centre faces up to a 50% slump in office take-up in 2010 with only 207 515 sq ft let in the year. |
| 590 ## - LOCAL NOTE (RLIN) | |
| Local note | KA |
| 651 #4 - SUBJECT ADDED ENTRY--GEOGRAPHIC NAME | |
| Geographic name | Merseyside |
| 690 ## - LOCAL SUBJECT ADDED ENTRY--TOPICAL TERM (OCLC, RLIN) | |
| Topical term or geographic name as entry element | PROPERTY-COMMERCIAL PROPERTY-COMMERCIAL PROPERTY MARKET |
| 690 ## - LOCAL SUBJECT ADDED ENTRY--TOPICAL TERM (OCLC, RLIN) | |
| Topical term or geographic name as entry element | PROPERTY-COMMERCIAL PROPERTY-COMMERCIAL PROPERTY FINANCE AND INVESTMENT |
| 942 ## - ADDED ENTRY ELEMENTS (KOHA) | |
| Suppress in OPAC | 0 |
| Withdrawn status | Lost status | Source of classification or shelving scheme | Damaged status | Not for loan | Home library | Current library | Shelving location | Date acquired | Total Checkouts | Full call number | Barcode | Date last seen | Copy number | Price effective from | Koha item type |
|---|---|---|---|---|---|---|---|---|---|---|---|---|---|---|---|
| Dewey Decimal Classification | London | London | Journal article | 04/05/2011 | L152806 | 152806-1001 | 06/08/2019 | 1 | 06/08/2019 | Journal article |